Dataplan : (Record no. 346586)

000 -LEADER
fixed length control field 01044 a2200241 4500
003 - CONTROL NUMBER IDENTIFIER
control field OSt
005 - DATE AND TIME OF LATEST TRANSACTION
control field 20180116182822.0
008 - FIXED-LENGTH DATA ELEMENTS--GENERAL INFORMATION
fixed length control field 170807b xxu||||| |||| 00| 0 eng d
020 ## - INTERNATIONAL STANDARD BOOK NUMBER
International Standard Book Number 0077092961 (hardcover)
020 ## - INTERNATIONAL STANDARD BOOK NUMBER
International Standard Book Number 9780077092962 (hardcover)
040 ## - CATALOGING SOURCE
Transcribing agency 0
082 04 - DEWEY DECIMAL CLASSIFICATION NUMBER
Classification number 005.74 BRO 1996
100 1# - MAIN ENTRY--PERSONAL NAME
Personal name Tony Brooker.
245 10 - TITLE STATEMENT
Title Dataplan :
Remainder of title A Databased Language
Statement of responsibility, etc. Tony Brooker.
260 ## - PUBLICATION, DISTRIBUTION, ETC.
Place of publication, distribution, etc. [S.l.] :
Name of publisher, distributor, etc. Mcgraw Hill Book Co Ltd,
Date of publication, distribution, etc. 1996.
300 ## - PHYSICAL DESCRIPTION
Extent 372p.
Other physical details HB
440 ## - SERIES STATEMENT/ADDED ENTRY--TITLE
Title Dataplan :
490 1# - SERIES STATEMENT
Series statement Advanced topics in computer science series.
520 ## - SUMMARY, ETC.
Summary, etc. In a conventional DBMS, some tasks are undertaken by a data definition language (DDL), some by data manipulation language (DML) and the remainder by a host programming language. This book argues that it is possible to use a single-programming language for all these purposes.
830 #0 - SERIES ADDED ENTRY--UNIFORM TITLE
Uniform title Advanced topics in computer science series.
856 40 - ELECTRONIC LOCATION AND ACCESS
Materials specified Amazon.com
Uniform Resource Identifier <a href="http://www.amazon.com/exec/obidos/ASIN/0077092961/chopaconline-20">http://www.amazon.com/exec/obidos/ASIN/0077092961/chopaconline-20</a>
942 ## - ADDED ENTRY ELEMENTS (KOHA)
Institution code [OBSOLETE] NBS
Koha item type Book
Call number prefix 005.74 BRO 1996
Source of classification or shelving scheme
Holdings
Withdrawn status Lost status Damaged status Not for loan Permanent Location Current Location Shelving location Date acquired Total Checkouts Full call number Barcode Date last seen Date last checked out Price effective from Koha item type
        Central Library (CL) Central Library (CL) First Floor - Databases 08/28/2013 2 005.74 BRO NBS3696 08/09/2017 08/08/2017 08/28/2013 Book
© 2023 Central Library, National University of Sciences and Technology. All Rights Reserved.